000 00345cam a2200145ua 4500
003 OSt
008 250602b |||||||| |||| 00| 0 eng d
041 _aeng
082 _a624.171
_bKIS/ST
100 _aKiselev, V .
_97520
245 _aStructural mechanics /
260 _aMoscow :
_bMir publishers ,
_c1982.
300 _a575 ; .
942 _cBK
999 _c9260
_d9260